Most Popular TV Shows of the 1980s Quiz Stats

 Plays Quiz Updated Nov 23, 2019

Score 0/50 Timer 08:00
4 Plays Today
Season Show % Correct
1985Cheers
80.1%
1986Cheers
80.1%
1987Cheers
80.1%
1988Cheers
80.1%
1989Cheers
80.1%
1980Dallas
67.2%
1981Dallas
67.2%
1982Dallas
67.2%
1983Dallas
67.2%
1984Dallas
67.2%
1984The Cosby Show
66.8%
1985The Cosby Show
66.8%
1986The Cosby Show
66.8%
1987The Cosby Show
66.8%
1988The Cosby Show
66.8%
1989The Cosby Show
66.8%
1980M*A*S*H
61.8%
1982M*A*S*H
61.8%
1982Dynasty
54.1%
1984Dynasty
54.1%
1983Dynasty
53.6%
1985Family Ties
51.1%
1986Family Ties
51.1%
1987Family Ties
49%
1984Family Ties
48.1%
Season Show % Correct
198060 Minutes
46.8%
198160 Minutes
46.8%
198260 Minutes
46.8%
198360 Minutes
46.8%
198460 Minutes
46.8%
198560 Minutes
46.8%
198860 Minutes
46.1%
1986The Golden Girls
38.9%
1987The Golden Girls
38.9%
1982Magnum, P.I.
33.7%
1988Roseanne
32.7%
1989Roseanne
32.7%
1987Murder, She Wrote
29.8%
1983The A-Team
28.9%
1985Murder, She Wrote
28.4%
1986Murder, She Wrote
28.4%
1981The Jeffersons
27.6%
1981Three's Company
25.7%
1980The Love Boat
24.1%
1980The Dukes Of Hazzard
22.5%
1988A Different World
19.8%
1989A Different World
19.8%
1981Alice
12.8%
1983Simon & Simon
11.8%
1989America's Funniest Home Videos
7.4%

You're not logged in!

Compare scores with friends on all Sporcle quizzes.
OR
Log In

Sporcle TV

Today on Sporcle TV


Watch our educational content, quiz creation guides, and fun videos on Sporcle TV.

Show Comments

Extras

Top Quizzes Today


Score Distribution

Your Account Isn't Verified!

In order to create a playlist on Sporcle, you need to verify the email address you used during registration. Go to your Sporcle Settings to finish the process.

Report this User

Report this user for behavior that violates our Community Guidelines.

Details: